Регионална библиотека "Любен Каравелов" - Русе

Физикални средства за възстановяване в спорта (Запис номер 183203)

MARC детайли
000 -Лидер
Контролно поле с фиксирана дължина 01536nam a2200349 c 4500
003 - Код на организацията, давaща контролен номер
Контролно поле BLK
005 - Дата и час на последна редакция
Контролно поле 20180421000202.0
008 - Елементи от данни с фиксирана дължина
fixed length control field 180411b bul|||||r ||||||| ||bul||
010 ## - Наследен системен номер
LC control number KNG00192131000
040 ## - Източник на каталожния запис
Идентификатор на билиотеката - собственик на записа BLK
041 ## - Код за език
Код за езика на текст/звукозапис или на отделно заглавие Български
Код за езика КДБФ Български
080 ## - УДК
Текстов определител УДК Физиотерапия. Механично действащи средства. Радиотерапия и др. нелекарствени терапевтични средства и методи
УДК код - определител по УДК 615.8
УДК определител (035)
УДК - код + определител 615.8(035)
100 1# - Редна дума - Автор
Автор Димитрова, Виржиния Михайлова
Авторска отговорност първи автор
R(LIN) 343129
139 ## - Редно поле
Редна дума Димитрова, Виржиния Михайлова
Авторски знак Дими - Д 58
245 10 - Сведения за заглавието
Заглавие Физикални средства за възстановяване в спорта
Подзаглавни данни Ръководство
Редно поле (дума) Виржиния Михайлова Димитрова.
257 ## - Страна на издаване
Страна на създаване/издаване България
260 ## - Област на издателските данни
-- София
Име на издателя, разпространителя и проч. Медицина и физкултура
Година на издаване 1983
300 ## - Физическа характеристика
Страници 95 с.
Илюстрации и др. с табл., диагр., сх., 4 л. ил.
Размери/Мащаб 20 см
380 ## - Жанр
Жанр Медицина
500 ## - Общи забележки
Забележка 1 100 тир. - Библиогр. с. 89-91.
650 #4 - Допълнително описание по предмет – тема
Основно описание – тема или топоним Физиотерапия
9 (RLIN) 175321
650 #4 - Допълнително описание по предмет – тема
Основно описание – тема или топоним Спортна медицина
9 (RLIN) 263613
650 #4 - Допълнително описание по предмет – тема
Основно описание – тема или топоним Масаж, спортен
9 (RLIN) 320776
653 ## - Ключова дума – ненормативна
Ключова дума физиотерапия
653 ## - Ключова дума – ненормативна
Ключова дума спортна медицина
653 ## - Ключова дума – ненормативна
Ключова дума ръководства
852 ## - Местоположение
Форматна сигнатура Цб 120957
856 4# - Електронен адрес и достъп
Електронен формат pdf - файл
Път до файла /url/
856 4# - Електронен адрес и достъп
Електронен формат pdf - файл
Път до файла /url/
942 ## - АРТИКУЛИ
Вид на библиотечния материал Книги
Скрит в OPAC Не
944 ## - СЪЗДАВАНЕ И РЕДАКЦИЯ на ЗАПИСА
Създаване/Редакция Създаване
Дата на регистрацията/редакция 10.10.2016
Служител, извършил регистрацията/редакцията Камелия_Данева
944 ## - СЪЗДАВАНЕ И РЕДАКЦИЯ на ЗАПИСА
Създаване/Редакция Редакция
Дата на регистрацията/редакция 10.10.2016
Служител, извършил регистрацията/редакцията Камелия_Данева
999 ## - СИСТЕМНИ КОНТРОЛНИ НОМЕРА
Koha biblionumber 183203
Koha biblioitemnumber 183203
Наличности
Код за отписване Код за изгубен артикул Източник на класификационната схема Код за повреда Коз за рестрикции Код за отдаване Артикулен № Име на библиотеката - собственик Име на библиотеката, в която се намира в момента Статус (Текущо местоположение) Дата на вписване в системата Местоположение - отдел Цена в лева Инвентарен номер Систематично азбучна сигнатура Баркод Номер на екземпляра Цена в евро Служебна бележка Служебен тип на артикула
  Не е изгубен Universal Decimal Classification Не е повреден само за читалня ползва се в читалня 315667 Регионална библиотека "Любен Каравелов" Русе Регионална библиотека "Любен Каравелов" Русе Хранилище 1983-01-01 Хранилище 0.85 376064 Цб 120957 120000376064 1 0.43 N: стар фонд Дата: 01.01.1983 Книги
Изтеглен Не е изгубен Universal Decimal Classification Не е повреден без рестрикции заемане за дома 315668 Регионална библиотека "Любен Каравелов" Русе Регионална библиотека "Любен Каравелов" Русе Заемна - подръчен фонд 1983-01-01 Заемна - подръчен фонд 0.85 377800 П 615.8/Д 58 377800 2 0.43 N: стар фонд Дата: 01.01.1983 Книги
Vip Innovations Ltd, Rousse, Bulgaria 2025